00480 a2200145 4500010001400000020002300014035001300037037001600050082000800066100002200074245005800096260004400154270009500198300004100293 aENG-89585 a8188661473c150.00 aEN-73118 bDBAD / PUB14a9211 aChandrasekhar, V.1 aMy fight back from death's door/cby V. Chandrasekhar aChennaibEastWest Books (Madras),c2006 a571, Poonamalle High Road, AminjikaraibChennaicTamil Nadue600029mewb@touchtelindia.net axi, 121p.:bb&w photosc20 cm. (Pbk)